000
00268nam a2200097Ia 4500
001
643307
005
20250826153543.0
008
250824s9999 xx 000 0 und d
245
0
_a
OSMANLI GÜNLÜKLERİ 1 KURULUŞ SULTANLARI
_c
SEVİNÇ KUŞOĞLU
260
_b
GENÇ TİMAŞ
999
_c
643307
_d
643307